Spell the Marvel Character #42 - Statistics

General Stats
  • This quiz has been taken 35 times
  • The average score is 8 of 10
Answer Stats
Picture Answer % Correct
Moon Knight
100%
Thing
100%
Iron Fist
96%
She-Hulk
96%
Gamora
93%
Hawkeye
93%
Nick Fury
93%
Armor
61%
Nightmask
50%
Karma
43%
No matching quizzes found
Score Distribution
Percent of People with Each Score
Percentile by Number Answered
Your Score History
You have not taken this quiz